Statistiques concernant Culture Générale - Série 1477

Cliquez ici pour prendre le quiz!

Statistiques générales

  • Ce quiz a été pris 58 fois
  • Le résultat moyen est 8 sur 10

Statistiques - réponses

QuestionRéponse% Correct
Que trouve-t-on au centre de la Terre, au centre d'un atome et à l'intérieur d'un abricot ?noyau
98%
Une pêche pochée au sirop, accompagnée de glace à la vanille et de coulis de framboise, est une "pêche...melba
98%
Selon l'expression, de la bouche de qui la vérité sort-elle ?enfants
96%
Dans la célèbre famille Sardou, donnez-moi le prénom du fils de Fernand et Jackie.Michel
94%
En 1974, comment fut prénommée la jeune Australopithèque, que l'on croyait être l'ancêtre de l'humanité ?Lucy
94%
Au XIXe siècle, dans quel pays a lieu le "Risorgimento" ?Italie
83%
Quelle enveloppe gazeuse entourant un corps céleste est "chère" à Arletty dans un film de Marcel Carné ?atmosphère
74%
Quel slameur a reçu en 2007 la Victoire de l'album révélation de l'année pour son album "Midi 20" ?Grand Corps Malade
72%
De quel peintre français, l'artiste impressionniste Berthe Morisot était-elle la belle-soeur ?Edouard Manet
65%
De quel écrivain et prix Nobel a-t-on célébré en janvier 2010 les 50 ans de la disparition ?Albert Camus
39%

Distribution des résultats

Percentile par nombre de réponses

% des personnes avec chaque résultat

Votre développement - résultats

Vous n’avez pas pris ce quiz